[Event "9. Bayer Sommeropen"]
[Site "Leverkusen"]
[Date "2025.08.17"]
[Round "5.46"]
[White "Liu, Mio Runhan"]
[Black "Nerowski, Bernhard"]
[Result "0-1"]
[WhiteElo "1572"]
[BlackElo "1729"]
[PlyCount "72"]
[GameId "2217913298232485"]
[EventDate "2025.??.??"]

1. e4 e6 2. d4 d5 3. exd5 exd5 4. Bd3 Bd6 5. Nc3 c6 6. h3 Qc7 7. Nf3 Ne7 8. O-O O-O 9. Re1 Nd7 10. Bd2 h6 11. Ne2 b5 12. a3 Nf6 13. b4 Ne4 14. c3 f5 15. Kf1 Ng6 16. Ng3 Nxg3+ 17. fxg3 Bxg3 18. Re2 Bd7 19. Be1 Rae8 20. Rxe8 Rxe8 21. Bxg3 Qxg3 22. Qc2 Nf4 23. Ng1 Nxd3 24. Nf3 Nf4 25. Re1 Rxe1+ 26. Nxe1 Be8 27. Nf3 Bh5 28. Qf2 Qxf2+ 29. Kxf2 Nd3+ 30. Ke3 Nb2 31. Ke2 Bxf3+ 32. gxf3 Nc4 33. Kd3 Nxa3 34. f4 Nc4 35. h4 Nd6 36. h5 Ne4 0-1

[Event "9. Bayer Sommeropen"]
[Site "Leverkusen"]
[Date "2025.08.17"]
[Round "5.51"]
[White "Arnolds, Klaus"]
[Black "Diaubalick, Ulrich"]
[Result "1/2-1/2"]
[WhiteElo "1614"]
[BlackElo "1812"]
[PlyCount "38"]
[GameId "2217913298232490"]
[EventDate "2025.??.??"]

1. Nf3 d5 2. e3 Nf6 3. c4 c6 4. b3 Bf5 5. Bb2 e6 6. Be2 Be7 7. O-O O-O 8. d4 h6 9. Nbd2 Nbd7 10. Rc1 Ne4 11. cxd5 exd5 12. Nxe4 Bxe4 13. Bd3 Nf6 14. Rc2 Re8 15. Qe2 Bd6 16. h3 Bxd3 17. Qxd3 Ne4 18. Ne5 Qf6 19. Ng4 Qe6 1/2-1/2

[Event "9. Bayer Sommeropen"]
[Site "Leverkusen"]
[Date "2025.08.17"]
[Round "5.52"]
[White "Gail, Edgar"]
[Black "Schüers, Christian"]
[Result "0-1"]
[WhiteElo "1764"]
[BlackElo "1622"]
[PlyCount "126"]
[GameId "2217913298232491"]
[EventDate "2025.??.??"]

1. e4 d6 2. d4 g6 3. f4 Bg7 4. Nf3 e6 5. Bc4 Ne7 6. O-O O-O 7. Nc3 c6 8. a4 a5 9. Bd2 Na6 10. Rb1 d5 11. exd5 exd5 12. Bd3 Nf5 13. Ne2 Nb4 14. Bxb4 axb4 15. c3 Ne3 16. Qd2 Nxf1 17. Rxf1 Rxa4 18. Qc2 Qa5 19. Ng3 Ra1 20. Ne1 f5 21. Ne2 bxc3 22. bxc3 Qa2 23. Qxa2 Rxa2 24. c4 Be6 25. cxd5 Bxd5 26. Nf3 Ra3 27. Nc1 Re8 28. Ne5 Ra4 29. Ne2 Rea8 30. Rb1 Ra1 31. Kf2 Rxb1 32. Bxb1 Ra1 33. Bd3 Bf8 34. Nc3 Bb3 35. Nd7 Bb4 36. Ne2 Rd1 37. Ke3 Bd2+ 38. Kf2 Bb4 39. Ke3 b5 40. Ne5 Bd5 41. g4 fxg4 42. Nxg4 Kg7 43. f5 Bd2+ 44. Kf2 Bg5 45. Ne5 b4 46. fxg6 hxg6 47. Bxg6 Ra1 48. Bd3 Ra8 49. Kg3 Rf8 50. h4 Be3 51. h5 Rf2 52. h6+ Kh8 53. Ng6+ Kh7 54. Ne7+ Kxh6 55. Nxd5 cxd5 56. Nc1 Bxd4 57. Nb3 Bb6 58. Na5 Kg5 59. Nc6 b3 60. Ne7 Rd2 61. Bb1 d4 62. Nd5 Bc5 63. Nf4 Bd6 0-1